[Event "World ol U16"]
[Site "Poprad"]
[Date "2016.07.27"]
[Round "6.4"]
[White "Leser, Katrin"]
[Black "Swennen, Fleur"]
[Result "1-0"]
[WhiteElo "2025"]
[BlackElo "1648"]
[PlyCount "51"]
[EventDate "2016.07.22"]
[EventType "team-swiss"]
[EventRounds "9"]
[EventCountry "SVK"]
[SourceTitle "EXT 2017"]
[Source "ChessBase"]
[SourceDate "2016.10.25"]
[SourceVersion "1"]
[SourceVersionDate "2016.10.25"]
[SourceQuality "1"]
[WhiteTeam "Germany III"]
[BlackTeam "Belgium"]
[WhiteTeamCountry "GER"]
[BlackTeamCountry "BEL"]

1. e4 c6 2. d4 d5 3. Nc3 dxe4 4. Nxe4 Bf5 5. Ng3 Bg6 6. N1e2 h6 7. Nf4 Bh7 8. Bc4 Nf6 9. 0-0 g6 10. c3 Bg7 11. Qb3 0-0 12. Qxb7 Nbd7 13. Qxc6 Rc8 14. Qa6 Qc7 15. Bb3 h5 16. h4 e5 17. dxe5 Nxe5 18. Nh3 Neg4 19. Bf4 Qd7 20. Rad1 Qc6 21. Qxa7 Bh6 22. Rd6 Qe8 23. Bxh6 Nxh6 24. Rxf6 Ra8 25. Qd4 Qe7 26. Nxh5 1-0

[Event "World ol U16"]
[Site "Poprad"]
[Date "2016.07.23"]
[Round "3.4"]
[White "Popvasilev, Kalojan"]
[Black "Swennen, Fleur"]
[Result "1/2-1/2"]
[WhiteElo "1890"]
[BlackElo "1648"]
[PlyCount "103"]
[EventDate "2016.07.22"]
[EventType "team-swiss"]
[EventRounds "9"]
[EventCountry "SVK"]
[SourceTitle "EXT 2017"]
[Source "ChessBase"]
[SourceDate "2016.10.25"]
[SourceVersion "1"]
[SourceVersionDate "2016.10.25"]
[SourceQuality "1"]
[WhiteTeam "Bulgaria"]
[BlackTeam "Belgium"]
[WhiteTeamCountry "BUL"]
[BlackTeamCountry "BEL"]

1. e4 c6 2. d4 d5 3. f3 Nf6 4. e5 Ng8 5. f4 Bf5 6. Nf3 e6 7. Be2 c5 8. c3 Nc6 9. Be3 cxd4 10. Nxd4 Nxd4 11. Bxd4 Ne7 12. 0-0 Nc6 13. Nd2 Nxd4 14. cxd4 a6 15. Qb3 Rb8 16. g4 Bg6 17. f5 exf5 18. gxf5 Qg5+ 19. Qg3 Qxd2 20. Rad1 Qb4 21. fxg6 hxg6 22. Qf4 Qe7 23. e6 Qd6 24. exf7+ Kd8 25. Bg4 Qxf4 26. Rxf4 Bd6 27. Rf2 Kc7 28. Be6 Rh5 29. Rdf1 Rf8 30. Rc1+ Kb8 31. h3 Be7 32. Re2 Rhh8 33. Bxd5 Bf6 34. Rce1 Bxd4+ 35. Kg2 Bc5 36. a3 a5 37. Re4 Bd6 38. Re6 Bc5 39. Rxg6 Bd4 40. Re7 b6 41. Rb7+ Kc8 42. Ra7 Bf6 43. Rg4 Rd8 44. Rc4+ Kb8 45. Rb7+ Ka8 46. Bf3 Rd2+ 47. Kf1 Rd3 48. Rcc7 Rxf3+ 49. Kg2 Rf5 50. Ra7+ Kb8 51. Rab7+ Ka8 52. Ra7+ 1/2-1/2

[Event "World ol U16"]
[Site "Poprad"]
[Date "2016.07.22"]
[Round "1.4"]
[White "Badelka, Olga"]
[Black "Swennen, Fleur"]
[Result "1-0"]
[WhiteElo "2175"]
[BlackElo "1648"]
[PlyCount "77"]
[EventDate "2016.07.22"]
[EventType "team-swiss"]
[EventRounds "9"]
[EventCountry "SVK"]
[SourceTitle "EXT 2017"]
[Source "ChessBase"]
[SourceDate "2016.10.25"]
[SourceVersion "1"]
[SourceVersionDate "2016.10.25"]
[SourceQuality "1"]
[WhiteTeam "Belarus"]
[BlackTeam "Belgium"]
[WhiteTeamCountry "BLR"]
[BlackTeamCountry "BEL"]

1. d4 f5 2. c4 e6 3. Nf3 Nf6 4. Nbd2 Be7 5. e3 b6 6. Bd3 Bb7 7. Qc2 Bb4 8. 0-0 0-0 9. a3 Bxd2 10. Nxd2 Qe8 11. f3 Qh5 12. b4 d6 13. Bb2 Nbd7 14. Rae1 Rae8 15. c5 dxc5 16. dxc5 Nb8 17. Nc4 Nfd7 18. cxb6 axb6 19. a4 Nc6 20. Qc3 Qf7 21. e4 f4 22. b5 Ne7 23. a5 Ba8 24. axb6 Nxb6 25. Ne5 Qh5 26. Qxc7 Nec8 27. Ra1 Re7 28. Qc3 Bb7 29. Ba3 Rd8 30. Bxe7 Nxe7 31. Qc7 Rc8 32. Qxb7 Qxe5 33. Qxb6 Rb8 34. Qf2 Nc8 35. Rac1 Nd6 36. Rc5 Qf6 37. e5 Qe7 38. exd6 Qxd6 39. Be4 1-0

[Event "BEL-ch U14 Girls"]
[Site "Blankenberge"]
[Date "2015.04.15"]
[Round "6"]
[White "Swennen, Fleur"]
[Black "Claeys, Elisabeth"]
[Result "1-0"]
[WhiteElo "1498"]
[BlackElo "1205"]
[PlyCount "43"]
[EventDate "2015.04.12"]
[EventType "swiss"]
[EventRounds "9"]
[EventCountry "BEL"]
[SourceTitle "CBM 166 Extra"]
[Source "ChessBase"]
[SourceDate "2015.06.18"]
[SourceVersion "1"]
[SourceVersionDate "2015.06.18"]
[SourceQuality "1"]

1. e4 e5 2. Nf3 Nc6 3. Bc4 Bc5 4. c3 Nf6 5. d3 d6 6. Bb3 0-0 7. h3 h6 8. Nbd2 Be6 9. Bc2 d5 10. Qe2 d4 11. c4 Re8 12. a3 Bd6 13. Nf1 a6 14. Ng3 b5 15. b3 bxc4 16. bxc4 Rb8 17. 0-0 Ne7 18. Nh4 c5 19. Qf3 Qd7 20. Kh2 g5 21. Qxf6 gxh4 22. Nh5 1-0

[Event "BEL-ch U14"]
[Site "Blankenberge"]
[Date "2014.04.19"]
[Round "9"]
[White "Kolp, Theo"]
[Black "Swennen, Fleur"]
[Result "1/2-1/2"]
[WhiteElo "1612"]
[BlackElo "1401"]
[PlyCount "34"]
[EventDate "2014.04.??"]
[EventType "swiss"]
[EventRounds "9"]
[EventCountry "BEL"]
[SourceTitle "EXT 2015"]
[Source "ChessBase"]
[SourceDate "2014.11.20"]
[SourceVersion "1"]
[SourceVersionDate "2014.11.20"]
[SourceQuality "1"]

1. c4 e6 2. d4 d5 3. cxd5 exd5 4. Nc3 Nf6 5. Bg5 Nbd7 6. a3 Be7 7. Nf3 0-0 8. e3 c6 9. Bd3 Re8 10. Qc2 Nf8 11. 0-0 Ne4 12. Bf4 Nxc3 13. bxc3 Be6 14. Rfb1 Bc8 15. c4 Bd6 16. Bg5 Be7 17. Bf4 Bd6 1/2-1/2

[Event "BEL-ch U14"]
[Site "Blankenberge"]
[Date "2014.04.14"]
[Round "3"]
[White "Swennen, Fleur"]
[Black "De Coninck, Erik"]
[Result "1/2-1/2"]
[WhiteElo "1401"]
[BlackElo "1637"]
[PlyCount "89"]
[EventDate "2014.04.??"]
[EventType "swiss"]
[EventRounds "9"]
[EventCountry "BEL"]
[SourceTitle "EXT 2015"]
[Source "ChessBase"]
[SourceDate "2014.11.20"]
[SourceVersion "1"]
[SourceVersionDate "2014.11.20"]
[SourceQuality "1"]

1. e4 c6 2. d4 d5 3. exd5 cxd5 4. Bf4 Nc6 5. c3 Bf5 6. Qb3 Qd7 7. Nd2 e6 8. Ngf3 a6 9. Be2 Nf6 10. 0-0 Be7 11. Rfe1 0-0 12. Ne5 Nxe5 13. Bxe5 b5 14. Qd1 Qb7 15. Nf3 b4 16. Bd3 bxc3 17. bxc3 Bxd3 18. Qxd3 Ne4 19. Nd2 Nxd2 20. Qxd2 Qc6 21. Qd3 Rfc8 22. Re3 Qc4 23. Qxc4 Rxc4 24. Rd1 Rac8 25. Rdd3 Ra4 26. Re2 Ra3 27. Rc2 Bb4 28. Rg3 g6 29. h3 Raxc3 30. Rgxc3 Rxc3 31. Rb2 a5 32. Kh2 h5 33. f3 Rc4 34. a3 Kh7 35. axb4 axb4 36. Kg3 g5 37. h4 gxh4+ 38. Kxh4 Kg6 39. g4 hxg4 40. fxg4 f6 41. Bd6 Rxd4 42. Rxb4 Rxb4 43. Bxb4 f5 44. g5 e5 45. Bd6 1/2-1/2